Boys against girls / (Record no. 45329)
[ view plain ]
| 000 -LEADER | |
|---|---|
| fixed length control field | 01018cam a2200325Ia 4500 |
| 003 - CONTROL NUMBER IDENTIFIER | |
| control field | OCoLC |
| 005 - DATE AND TIME OF LATEST TRANSACTION | |
| control field | 20241220120333.0 |
| 008 - FIXED-LENGTH DATA ELEMENTS--GENERAL INFORMATION | |
| fixed length control field | 951031t19951994nyu j 000 1 eng d |
| 001 - CONTROL NUMBER | |
| control field | ocm33393373 |
| 020 ## - INTERNATIONAL STANDARD BOOK NUMBER | |
| International Standard Book Number | 0440411238 (pbk.) : |
| Terms of availability | $3.99 |
| 020 ## - INTERNATIONAL STANDARD BOOK NUMBER | |
| International Standard Book Number | 9780440411239 (pbk.) : |
| Terms of availability | $3.99 |
| 035 ## - SYSTEM CONTROL NUMBER | |
| System control number | (Sirsi) i9780440411239 |
| 035 ## - SYSTEM CONTROL NUMBER | |
| System control number | (OCoLC)33393373 |
| 040 ## - CATALOGING SOURCE | |
| Original cataloging agency | EOW |
| Transcribing agency | EOW |
| Modifying agency | OCL |
| -- | BAKER |
| -- | BTCTA |
| -- | UINTA |
| 049 ## - LOCAL HOLDINGS (OCLC) | |
| Holding library | UCLB |
| 050 #4 - LIBRARY OF CONGRESS CALL NUMBER | |
| Classification number | PZ7.N24 |
| Item number | Bon 1994 |
| 092 ## - LOCALLY ASSIGNED DEWEY CALL NUMBER (OCLC) | |
| Classification number | [Fic] |
| 092 ## - LOCALLY ASSIGNED DEWEY CALL NUMBER (OCLC) | |
| Classification number | NAYLOR |
| 100 1# - MAIN ENTRY--PERSONAL NAME | |
| Personal name | Naylor, Phyllis Reynolds. |
| 9 (RLIN) | 7088 |
| 245 10 - TITLE STATEMENT | |
| Title | Boys against girls / |
| Statement of responsibility, etc | Phyllis Reynolds Naylor. |
| 260 ## - PUBLICATION, DISTRIBUTION, ETC. (IMPRINT) | |
| Place of publication, distribution, etc | New York, N.Y. : |
| Name of publisher, distributor, etc | Bantam Doubleday Dell Books for Young Readers, |
| Date of publication, distribution, etc | 1995, c1994. |
| 300 ## - PHYSICAL DESCRIPTION | |
| Extent | 147 p. ; |
| Dimensions | 20 cm. |
| 500 ## - GENERAL NOTE | |
| General note | "A Yearling book." |
| 650 #1 - SUBJECT ADDED ENTRY--TOPICAL TERM | |
| Topical term or geographic name as entry element | Friendship |
| Form subdivision | Fiction. |
| 9 (RLIN) | 5673769 |
| 938 ## - | |
| -- | Baker & Taylor |
| -- | BKTY |
| -- | 5.50 |
| -- | 4.40 |
| -- | 0440411238 |
| -- | 0003363626 |
| -- | active |
| 938 ## - | |
| -- | Baker and Taylor |
| -- | BTCP |
| -- | bl 99767102 |
| 942 ## - ADDED ENTRY ELEMENTS (KOHA) | |
| Koha item type | BOOK |
| 994 ## - | |
| -- | C0 |
| -- | UINTA |
| 998 ## - LOCAL CONTROL INFORMATION (RLIN) | |
| -- | a100029 |
| Withdrawn status | Lost status | Source of classification or shelving scheme | Damaged status | Not for loan | Collection code | Home library | Current library | Shelving location | Date acquired | Source of acquisition | Cost, normal purchase price | Total Checkouts | Total Renewals | Full call number | Barcode | Date last seen | Date checked out | Cost, replacement price | Price effective from | Koha item type |
|---|---|---|---|---|---|---|---|---|---|---|---|---|---|---|---|---|---|---|---|---|
| Dewey Decimal Classification | Junior Fiction | Wasatch County Library | Wasatch County Library | Main Floor Junior Area | 10/25/2013 | Donation | 5.50 | 18 | 8 | J Naylor | 34301001164534 | 03/04/2026 | 12/18/2025 | 5.50 | 03/20/2020 | BOOK |
